• Ruta Cicloturística del Románico Internacional

di Meeting Name

Records bibliografici associati: 1

001 - CONTROL NUMBER

  • control field: 67660

003 - CONTROL NUMBER IDENTIFIER

  • control field: IT-RoINE

005 - DATE AND TIME OF LATEST TRANSACTION

  • control field: 20200612112412.0

008 - FIXED-LENGTH DATA ELEMENTS

  • fixed length control field: 200612|| aca||aabn | a|a d

040 ## - CATALOGING SOURCE

  • Original cataloging agency: IT-RoINE
  • Transcribing agency: IT-RoINE

111 ## - HEADING--MEETING NAME

  • Meeting name or jurisdiction name as entry element: Ruta Cicloturística del Románico Internacional
  • Number of part/section/meeting: (24ª.
  • Date of meeting: 2006)

670 ## - SOURCE DATA FOUND

  • Source citation: Work cat.: (IT-RoINE)0: Ruta Cicloturística del Románico Internacional (24ª. 2006), XXIV Ruta Cicloturística del Románico-Internacional :, 2005.